000 00639nam a2200217Ii 4500
001 13206
003 CO-ViMGA
008 241108s9999||||xx |||||||||||||| ||und||
020 _a0517546493
040 _aCO-ViMGA
_bspa
_erda
_cCO-ViMGA
041 0 _aeng
082 0 4 _aF.FC Co863.6 - M15d
100 1 _aJaime Manrique
_944152
245 1 0 _aColombian Gold a novel of power and corruption
264 1 _aEstados Unidos : Clarkson N. Potter, 1983
300 _avolumen
336 _atext
_btxt
_2rdacontent
337 _aunmediated
_bn
_2rdamedia
338 _avolume
_bnc
_2rdacarrier
940 _aidficha_siabuc: 12908. -- ficha_no_siabuc:13206
999 _c38592
_d38592